[Event "Stay Safe Play From Home 152"]
[Site "T#646138Emanuel Laske"]
[Date "2020.05.17"]
[Round "2"]
[White "Indianquant"]
[Black "Haxhi Baha"]
[Result "1-0"]
[WhiteElo "2242"]
[BlackElo "1931"]
[Annotator "RC"]
[PlyCount "61"]
[EventDate "2020.05.17"]
[EventType "swiss (blitz)"]

1. Nf3 {[%emt 0:00:03]} e6 {[%emt 0:00:01]} 2. c4 {[%emt 0:00:01]} d5 {[%emt 0:00:00]} 3. d4 {[%emt 0:00:00]} c6 {[%emt 0:00:01]} 4. Nc3 {[%emt 0:00:00]} Nf6 {[%emt 0:00:00]} 5. e3 {[%emt 0:00:00]} dxc4 {[%emt 0:00:01]} 6. Bxc4 {[%emt 0:00:01]} a6 {[%emt 0:00:00]} 7. Be2 {[%emt 0:00:01]} b5 {[%emt 0:00:00]} 8. O-O {[%emt 0:00:00]} Bb7 {[%emt 0:00:01]} 9. e4 {[%emt 0:00:00]} b4 {[%emt 0:00:02]} 10. e5 {[%emt 0:00:01]} bxc3 {[%emt 0:00:01]} 11. exf6 {[%emt 0:00:01]} cxb2 {[%emt 0:00:03]} 12. fxg7 {[%emt 0:00:01]} Bxg7 {[%emt 0:00:00]} 13. Bxb2 {[%emt 0:00:01]} Nd7 {[%emt 0:00:02]} 14. Ba3 {[%emt 0:00:02]} Bf8 {[%emt 0:00:02]} 15. Bb2 {[%emt 0:00:05]} Bd6 {[%emt 0:00:02]} 16. Rb1 {[%emt 0:00:01]} Rb8 {[%emt 0:00:04]} 17. Bc3 {[%emt 0:00:01]} Rg8 {[%emt 0:00:02]} 18. Qc2 {[%emt 0:00:03]} Nf8 {[%emt 0:00:04]} 19. Ne5 {[%emt 0:00:02]} Qf6 {[%emt 0:00:04]} 20. Qe4 {[%emt 0:00:05]} Bxe5 {[%emt 0:00:04]} 21. dxe5 {[%emt 0:00:00]} Qg6 {[%emt 0:00:03]} 22. Bf3 {[%emt 0:00:05]} Qxe4 {[%emt 0:00:04]} 23. Bxe4 {[%emt 0:00:00]} Nd7 {[%emt 0:00:01]} 24. Rfd1 {[%emt 0:00:01]} Nc5 {[%emt 0:00:04]} 25. Bf3 {[%emt 0:00:01]} a5 {[%emt 0:00:08]} 26. Bxa5 {[%emt 0:00:01] .} Ra8 {[%emt 0:00:02]} 27. Bb4 {[%emt 0:00:02]} Na6 {[%emt 0:00:03]} 28. Bd6 {[%emt 0:00:01]} Rd8 {[%emt 0:00:01]} 29. Rxb7 {[%emt 0:00:01]} Nb8 {[%emt 0:00:02]} 30. Rxb8 {[%emt 0:00:02]} Rxb8 {[%emt 0:00:01]} 31. Bxc6+ {[%emt 0:00:00] Time (Lag: Av=1.40s, max=7.9s)} 1-0

[Event "Stay Safe Play From Home 152"]
[Site "T#646138Emanuel Laske"]
[Date "2020.05.17"]
[Round "2"]
[White "SoulofWolf"]
[Black "Konmos"]
[Result "1-0"]
[WhiteElo "2152"]
[BlackElo "1803"]
[Annotator "NA RC"]
[PlyCount "95"]
[EventDate "2020.05.17"]
[EventType "swiss (blitz)"]

1. e4 {[%emt 0:00:00]} d5 {[%emt 0:00:01]} 2. Nc3 {[%emt 0:00:00]} d4 {[%emt 0:00:01]} 3. Nce2 {[%emt 0:00:00]} Bg4 {[%emt 0:00:01]} 4. d3 {[%emt 0:00:00]} Bxe2 {[%emt 0:00:00]} 5. Nxe2 {[%emt 0:00:01]} e5 {[%emt 0:00:00]} 6. f4 {[%emt 0:00:00]} exf4 {[%emt 0:00:01]} 7. Bxf4 {[%emt 0:00:01]} Bd6 {[%emt 0:00:00]} 8. Qd2 {[%emt 0:00:01]} Bxf4 {[%emt 0:00:01]} 9. Qxf4 {[%emt 0:00:00]} Nc6 {[%emt 0:00:01]} 10. g4 {[%emt 0:00:01]} Qf6 {[%emt 0:00:01]} 11. Qg3 {[%emt 0:00:02]} O-O-O {[%emt 0:00:02]} 12. Bg2 {[%emt 0:00:00]} h5 {[%emt 0:00:02]} 13. g5 {[%emt 0:00:02]} Qe6 {[%emt 0:00:02]} 14. h4 {[%emt 0:00:01]} Qe7 {[%emt 0:00:04]} 15. O-O {[%emt 0:00:02]} Kb8 {[%emt 0:00:02]} 16. a3 {[%emt 0:00:02]} f6 {[%emt 0:00:01]} 17. g6 {[%emt 0:00:02]} Ne5 {[%emt 0:00:02]} 18. Bh3 {[%emt 0:00:01]} Nh6 {[%emt 0:00:02]} 19. Nf4 {[%emt 0:00:05]} Nhg4 {[%emt 0:00:01]} 20. Nd5 {[%emt 0:00:00]} Qc5 {[%emt 0:00:03]} 21. Rac1 {[%emt 0:00:03]} Ka8 {[%emt 0:00:03]} 22. b4 {[%emt 0:00:04]} Qd6 {[%emt 0:00:04]} 23. c4 {[%emt 0:00:02]} c6 {[%emt 0:00:01]} 24. Nf4 {[%emt 0:00:02]} Qe7 {[%emt 0:00:04]} 25. c5 {[%emt 0:00:02]} Qe8 {[%emt 0:00:01]} 26. a4 {[%emt 0:00:02]} Nxg6 {[%emt 0:00:02]} 27. b5 {[%emt 0:00:02]} Nxf4 {[%emt 0:00:01]} 28. Qxf4 {[%emt 0:00:00]} Qe5 {[%emt 0:00:01]} 29. Bxg4 {[%emt 0:00:01]} Qxf4 {[%emt 0:00:01]} 30. Rxf4 {[%emt 0:00:00]} hxg4 {[%emt 0:00:00]} 31. Rxg4 {[%emt 0:00:00]} g5 {[%emt 0:00:00]} 32. hxg5 {[%emt 0:00:01]} fxg5 {[%emt 0:00:00]} 33. Rxg5 {[%emt 0:00:00]} Rdf8 {[%emt 0:00:01]} 34. bxc6 {[%emt 0:00:02]} bxc6 {[%emt 0:00:00]} 35. Rf1 {[%emt 0:00:02]} Rxf1+ {[%emt 0:00:01]} 36. Kxf1 {[%emt 0:00:00]} Rh3 {[%emt 0:00:00]} 37. Ke2 {[%emt 0:00:01]} Re3+ {[%emt 0:00:01]} 38. Kd2 {[%emt 0:00:00]} Rf3 {[%emt 0:00:01]} 39. Rg7 {[%emt 0:00:02]} Rf2+ {[%emt 0:00:02]} 40. Kc1 {[%emt 0:00:00]} Ra2 {[%emt 0:00:01]} 41. Rc7 {[%emt 0:00:01]} Rxa4 {[%emt 0:00:01]} 42. Rxc6 {[%emt 0:00:01]} Ra2 {[%emt 0:00:00]} 43. Rd6 {[%emt 0:00:01]} Ra4 {[%emt 0:00:00]} 44. Rd5 {[%emt 0:00:01]} Kb7 {[%emt 0:00:01]} 45. Kd2 {[%emt 0:00:00]} Kc6 {[%emt 0:00:00]} 46. Ke2 {[%emt 0:00:00]} Ra5 {[%emt 0:00:03]} 47. Kf3 {[%emt 0:00:00]} Rxc5 {[%emt 0:00:00]} 48. Rd8 {[%emt 0:00:01] Zeit ' (Lag: Av=0.73s, max=1.4s)} 1-0

[Event "Stay Safe Play From Home 152"]
[Site "T#646138Emanuel Laske"]
[Date "2020.05.17"]
[Round "2"]
[White "Lazieri3"]
[Black "XShot"]
[Result "0-1"]
[WhiteElo "2129"]
[BlackElo "2472"]
[PlyCount "98"]
[EventDate "2020.05.17"]
[EventType "swiss (blitz)"]

1. e4 {[%emt 0:00:01]} c6 {[%emt 0:00:00]} 2. Nc3 {[%emt 0:00:00]} d5 {[%emt 0:00:00]} 3. d4 {[%emt 0:00:00]} dxe4 {[%emt 0:00:00]} 4. Nxe4 {[%emt 0:00:00]} Nf6 {[%emt 0:00:00]} 5. Nxf6+ {[%emt 0:00:01]} gxf6 {[%emt 0:00:00]} 6. Nf3 {[%emt 0:00:00]} h5 {[%emt 0:00:00]} 7. Bf4 {[%emt 0:00:02]} h4 {[%emt 0:00:01]} 8. g3 {[%emt 0:00:01]} Bf5 {[%emt 0:00:00]} 9. Bd3 {[%emt 0:00:01]} Qd5 {[%emt 0:00:03]} 10. Bxf5 {[%emt 0:00:01]} Qxf5 {[%emt 0:00:00]} 11. Qd3 {[%emt 0:00:02]} Qxd3 {[%emt 0:00:02]} 12. cxd3 {[%emt 0:00:00]} hxg3 {[%emt 0:00:01]} 13. fxg3 {[%emt 0:00:02]} Nd7 {[%emt 0:00:00]} 14. O-O-O {[%emt 0:00:01]} Nb6 {[%emt 0:00:01]} 15. h4 {[%emt 0:00:01]} Nd5 {[%emt 0:00:01]} 16. Nd2 {[%emt 0:00:01]} e6 {[%emt 0:00:00]} 17. Nc4 {[%emt 0:00:02]} Kd7 {[%emt 0:00:01]} 18. Rde1 {[%emt 0:00:02]} Be7 {[%emt 0:00:02]} 19. Bd2 {[%emt 0:00:01]} Rag8 {[%emt 0:00:01]} 20. Rhg1 {[%emt 0:00:02]} b5 {[%emt 0:00:02]} 21. Ne3 {[%emt 0:00:01]} Bd6 {[%emt 0:00:01]} 22. Nxd5 {[%emt 0:00:01]} cxd5 {[%emt 0:00:00]} 23. Bf4 {[%emt 0:00:00]} Bxf4+ {[%emt 0:00:01]} 24. gxf4 {[%emt 0:00:00]} Rxg1 {[%emt 0:00:00]} 25. Rxg1 {[%emt 0:00:00]} Rxh4 {[%emt 0:00:00]} 26. Rg7 {[%emt 0:00:00]} Ke7 {[%emt 0:00:00]} 27. Kc2 {[%emt 0:00:02]} Rxf4 {[%emt 0:00:01]} 28. Kc3 {[%emt 0:00:00]} b4+ {[%emt 0:00:02]} 29. Kxb4 {[%emt 0:00:01]} Rxd4+ {[%emt 0:00:00]} 30. Kc3 {[%emt 0:00:00]} e5 {[%emt 0:00:01]} 31. Rg8 {[%emt 0:00:01]} a5 {[%emt 0:00:01]} 32. Ra8 {[%emt 0:00:01]} a4 {[%emt 0:00:00]} 33. Ra6 {[%emt 0:00:02]} f5 {[%emt 0:00:01]} 34. Ra7+ {[%emt 0:00:01]} Kf6 {[%emt 0:00:01]} 35. Ra8 {[%emt 0:00:00]} f4 {[%emt 0:00:01]} 36. Re8 {[%emt 0:00:01]} Kf5 {[%emt 0:00:01]} 37. b4 {[%emt 0:00:02]} axb3 {[%emt 0:00:01]} 38. axb3 {[%emt 0:00:00]} f6 {[%emt 0:00:01]} 39. b4 {[%emt 0:00:02]} f3 {[%emt 0:00:01]} 40. Kd2 {[%emt 0:00:01]} Rxb4 {[%emt 0:00:01]} 41. Ke3 {[%emt 0:00:00]} e4 {[%emt 0:00:00]} 42. dxe4+ {[%emt 0:00:01]} Rxe4+ {[%emt 0:00:00]} 43. Rxe4 {[%emt 0:00:02]} dxe4 {[%emt 0:00:00]} 44. Kf2 {[%emt 0:00:01]} Kf4 {[%emt 0:00:00]} 45. Kf1 {[%emt 0:00:01]} e3 {[%emt 0:00:00]} 46. Ke1 {[%emt 0:00:01]} Kg3 {[%emt 0:00:00]} 47. Kf1 {[%emt 0:00:00]} e2+ {[%emt 0:00:01]} 48. Kg1 {[%emt 0:00:01]} f2+ {[%emt 0:00:01]} 49. Kh1 {[%emt 0:00:01]} f1=Q# {[%emt 0:00:00] (Lag: Av=0.76s, max=1.4s)} 0-1

[Event "Stay Safe Play From Home 152"]
[Site "T#646138Emanuel Laske"]
[Date "2020.05.17"]
[Round "2"]
[White "Nagaram"]
[Black "Sfantul321"]
[Result "0-1"]
[WhiteElo "1704"]
[BlackElo "2040"]
[Annotator "NA"]
[PlyCount "38"]
[EventDate "2020.05.17"]
[EventType "swiss (blitz)"]

1. e4 {[%emt 0:00:03]} g6 {[%emt 0:00:00]} 2. Nf3 {[%emt 0:00:01]} Bg7 {[%emt 0:00:00]} 3. d4 {[%emt 0:00:00]} c5 {[%emt 0:00:01]} 4. Nc3 {[%emt 0:00:00]} cxd4 {[%emt 0:00:01]} 5. Nxd4 {[%emt 0:00:00]} Nc6 {[%emt 0:00:00]} 6. Nxc6 {[%emt 0:00:01]} bxc6 {[%emt 0:00:01]} 7. Bc4 {[%emt 0:00:02]} Rb8 {[%emt 0:00:00]} 8. O-O {[%emt 0:00:02]} e6 {[%emt 0:00:00]} 9. Bd2 {[%emt 0:00:01]} d5 {[%emt 0:00:01]} 10. exd5 {[%emt 0:00:01]} exd5 {[%emt 0:00:01]} 11. Re1+ {[%emt 0:00:01]} Ne7 {[%emt 0:00:00]} 12. Bd3 {[%emt 0:00:01]} O-O {[%emt 0:00:01]} 13. Rb1 {[%emt 0:00:02]} Nf5 {[%emt 0:00:02]} 14. Be3 {[%emt 0:00:01]} d4 {[%emt 0:00:01]} 15. Bxf5 {[%emt 0:00:01]} Bxf5 {[%emt 0:00:01]} 16. Bxd4 {[%emt 0:00:01]} Qxd4 {[%emt 0:00:01]} 17. Qxd4 {[%emt 0:00:03]} Bxd4 {[%emt 0:00:01]} 18. Ne2 {[%emt 0:00:00]} Bg7 {[%emt 0:00:02]} 19. c3 {[%emt 0:00:00]} Bxb1 {[%emt 0:00:02] Nagaram resigns (Lag: Av=0.46s, max=0.7s)} 0-1

[Event "Stay Safe Play From Home 152"]
[Site "T#646138Emanuel Laske"]
[Date "2020.05.17"]
[Round "2"]
[White "Haris kollari 13"]
[Black "Castlingarrocco"]
[Result "0-1"]
[WhiteElo "1674"]
[BlackElo "2028"]
[Annotator "NA"]
[PlyCount "60"]
[EventDate "2020.05.17"]
[EventType "swiss (blitz)"]

1. e3 {[%emt 0:00:01]} d5 {[%emt 0:00:01]} 2. f4 {[%emt 0:00:01]} c6 {[%emt 0:00:00]} 3. d4 {[%emt 0:00:01]} e6 {[%emt 0:00:00]} 4. c4 {[%emt 0:00:01]} f5 {[%emt 0:00:00]} 5. Nc3 {[%emt 0:00:01]} Nf6 {[%emt 0:00:01]} 6. c5 {[%emt 0:00:01]} Be7 {[%emt 0:00:01]} 7. b4 {[%emt 0:00:01]} O-O {[%emt 0:00:01]} 8. Bb2 {[%emt 0:00:01]} Nbd7 {[%emt 0:00:00]} 9. Bd3 {[%emt 0:00:01]} Ne4 {[%emt 0:00:00]} 10. Nge2 {[%emt 0:00:02]} Ndf6 {[%emt 0:00:01]} 11. O-O {[%emt 0:00:01]} Ng4 {[%emt 0:00:01]} 12. Bxe4 {[%emt 0:00:02]} Nxe3 {[%emt 0:00:01]} 13. Qc1 {[%emt 0:00:10]} Nxf1 {[%emt 0:00:02]} 14. Bf3 {[%emt 0:00:01]} Bf6 {[%emt 0:00:04]} 15. Nd1 {[%emt 0:00:07]} Bd7 {[%emt 0:00:00]} 16. Kxf1 {[%emt 0:00:02]} g5 {[%emt 0:00:01]} 17. fxg5 {[%emt 0:00:03]} Bxg5 {[%emt 0:00:01]} 18. Qc2 {[%emt 0:00:00]} Bh6 {[%emt 0:00:01]} 19. Ng3 {[%emt 0:00:01]} Qf6 {[%emt 0:00:01]} 20. Nf2 {[%emt 0:00:01]} Kh8 {[%emt 0:00:01]} 21. Nd3 {[%emt 0:00:01]} Rg8 {[%emt 0:00:01]} 22. Ne5 {[%emt 0:00:02]} Be8 {[%emt 0:00:01]} 23. Re1 {[%emt 0:00:01]} f4 {[%emt 0:00:01]} 24. Ne2 {[%emt 0:00:02]} Bg6 {[%emt 0:00:02]} 25. Qa4 {[%emt 0:00:02]} Be4 {[%emt 0:00:02]} 26. b5 {[%emt 0:00:05]} Qg7 {[%emt 0:00:04]} 27. Bg4 {[%emt 0:00:07]} Rac8 {[%emt 0:00:04]} 28. h3 {[%emt 0:00:01]} f3 {[%emt 0:00:01]} 29. gxf3 {[%emt 0:00:01]} Bg5 {[%emt 0:00:02]} 30. Kg2 {[%emt 0:00:01]} Bh4 {[%emt 0:00:01] Time (Lag: Av=0.36s, max=0.7s)} 0-1

[Event "Stay Safe Play From Home 152"]
[Site "T#646138Emanuel Laske"]
[Date "2020.05.17"]
[Round "2"]
[White "Edmatuag"]
[Black "Don59as"]
[Result "0-1"]
[WhiteElo "1656"]
[BlackElo "1994"]
[Annotator "NA"]
[PlyCount "50"]
[EventDate "2020.05.17"]
[EventType "swiss (blitz)"]

1. Nf3 {[%emt 0:00:01]} d5 {[%emt 0:00:01]} 2. e4 {[%emt 0:00:02]} dxe4 {[%emt 0:00:01]} 3. Ng5 {[%emt 0:00:01]} Nf6 {[%emt 0:00:01]} 4. d3 {[%emt 0:00:03]} exd3 {[%emt 0:00:02]} 5. Bxd3 {[%emt 0:00:01]} h6 {[%emt 0:00:01]} 6. Nxf7 {[%emt 0:00:01]} Kxf7 {[%emt 0:00:02]} 7. Bg6+ {[%emt 0:00:00]} Kxg6 {[%emt 0:00:03]} 8. Qxd8 {[%emt 0:00:00]} Bf5 {[%emt 0:00:02]} 9. Qxc7 {[%emt 0:00:07]} Nc6 {[%emt 0:00:02]} 10. Qg3+ {[%emt 0:00:01]} Kh7 {[%emt 0:00:01]} 11. c3 {[%emt 0:00:03]} e5 {[%emt 0:00:02]} 12. h3 {[%emt 0:00:03]} Bd6 {[%emt 0:00:01]} 13. Qe3 {[%emt 0:00:03]} Rhe8 {[%emt 0:00:02]} 14. g4 {[%emt 0:00:02]} Bg6 {[%emt 0:00:01]} 15. O-O {[%emt 0:00:09]} Nd5 {[%emt 0:00:01]} 16. Qe1 {[%emt 0:00:02]} Rad8 {[%emt 0:00:02]} 17. Be3 {[%emt 0:00:01]} e4 {[%emt 0:00:01]} 18. Nd2 {[%emt 0:00:01]} Ne5 {[%emt 0:00:01]} 19. Nb3 {[%emt 0:00:09]} Nf3+ {[%emt 0:00:02]} 20. Kg2 {[%emt 0:00:02]} Nxe1+ {[%emt 0:00:01]} 21. Rfxe1 {[%emt 0:00:00]} Bf4 {[%emt 0:00:03]} 22. Nd4 {[%emt 0:00:01]} Bxe3 {[%emt 0:00:01]} 23. fxe3 {[%emt 0:00:00]} Nf6 {[%emt 0:00:02]} 24. Rf1 {[%emt 0:00:01]} Nd5 {[%emt 0:00:02]} 25. Rae1 {[%emt 0:00:02]} Rf8 {[%emt 0:00:01] Time (Lag: Av=0.57s, max=0.9s)} 0-1

[Event "Stay Safe Play From Home 152"]
[Site "T#646138Emanuel Laske"]
[Date "2020.05.17"]
[Round "2"]
[White "Trotsky"]
[Black "MartinKestler"]
[Result "0-1"]
[WhiteElo "1597"]
[BlackElo "1906"]
[Annotator "TA"]
[PlyCount "62"]
[EventDate "2020.05.17"]
[EventType "swiss (blitz)"]

{[%evp 9,62,-2,27,27,19,18,16,4,31,-9,-5,-105,-12,-174,-43,-98,-92,-439,-180,-195,-92,-86,-72,-98,-84,-83,-43,-95,-29,-126,-136,-128,-135,-255,-214,-201,4,-425,0,-87,-57,-135,-70,-74,-14,-19,29,-243,122,122,231,189,278,224,255]} 1. d4 e6 2. e3 d5 3. c4 Nf6 4. Nc3 Bb4 5. Qc2 Bxc3+ 6. bxc3 {E34: Nimzo-Indian: Classical: 4...d5.} O-O 7. Nf3 b6 8. Bd3 {The position is equal.} Bb7 {[#]} 9. Ng5 $146 {[%cal Rd3h7]} ({Predecessor:} 9. cxd5 exd5 10. c4 dxc4 11. Bxc4 Nbd7 12. Ba3 c5 13. O-O Qe7 14. Be2 Rfd8 15. Rac1 {0-1 (33) Thorfinnsson,B (2338)-Short,N (2687) Izmir 2004}) 9... h6 10. h4 (10. Nf3 $11) 10... Nbd7 (10... hxg5 $6 11. hxg5 Ne4 12. cxd5 $11) (10... dxc4 $1 $17 11. Bh7+ Kh8) 11. Bd2 $2 (11. cxd5 $11 {and White has nothing to worry.} exd5 12. Rb1) 11... c5 ({But not} 11... hxg5 12. hxg5 Ne4 13. cxd5 $15) (11... dxc4 $1 $19 12. Bh7+ Kh8) 12. Bh7+ (12. cxd5 $1 $15 exd5 13. Nf3) 12... Kh8 $17 13. e4 $2 {[%mdl 8192]} (13. cxd5 $17 {is tougher.} Bxd5 14. Kf1) 13... dxe4 (13... hxg5 $142 14. hxg5 Nxh7 15. exd5 g6) 14. Bxe4 $19 Bxe4 (14... Nxe4 $19 15. Nxe4 f5) 15. Nxe4 $17 Nxe4 16. Qxe4 cxd4 17. cxd4 Nf6 18. Qd3 (18. Qf4 $15) 18... e5 (18... Qd6 $17) 19. Bc3 (19. d5 $11) 19... exd4 20. Bxd4 Re8+ 21. Kd2 (21. Kf1 $17 {might work better.}) 21... Ne4+ 22. Kc2 {[#]} Nc5 $2 (22... b5 $1 $19 {[%cal Rb5c4][%mdl 512] ...bxc4 is the strong threat.} 23. c5 (23. cxb5 Qa5) 23... Qa5) 23. Qc3 $2 {[%mdl 8192]} (23. Bxc5 $1 $11 bxc5 24. Qxd8 Raxd8 25. Rhe1) 23... Rg8 $2 (23... Re2+ $19 24. Kc1 Rc8) 24. Rad1 (24. Qd2 $1 $11 {keeps the balance.} Kh7 25. Bxc5 bxc5 26. Qxd8 Raxd8 27. Rad1) 24... Qe8 25. g4 (25. Kb1 $15) 25... Rd8 (25... Qe4+ $17 26. Kc1 Qxg4) 26. g5 $1 $15 Qe2+ ({Better is} 26... Qe4+ $17 27. Kc1 Ne6) 27. Kb1 $1 $11 Na4 28. Qb3 $2 {[%mdl 8192]} (28. Qc2 $11 Qxc2+ 29. Kxc2) 28... Rxd4 $2 (28... Qe4+ $19 29. Ka1 Rxd4 30. Qxa4 {[#]} Qe5 $1 {[%mdl 512]}) 29. Rxd4 $16 Nc5 (29... Qxf2 $16 30. Rhd1 Nc5) 30. Qc3 Qe5 (30... h5 {is a better defense.} 31. Qd2 Re8) 31. Rhd1 Re8 {[%mdl 32768] White used his chance. Accuracy: White = 21%, Black = 22%. . Loss on time!?} 0-1

[Event "Stay Safe Play From Home 152"]
[Site "T#646138Emanuel Laske"]
[Date "2020.05.17"]
[Round "3"]
[White "XShot"]
[Black "Indianquant"]
[Result "1-0"]
[WhiteElo "2476"]
[BlackElo "2247"]
[PlyCount "49"]
[EventDate "2020.05.17"]
[EventType "swiss (blitz)"]

1. d4 {[%emt 0:00:01]} Nf6 {[%emt 0:00:01]} 2. Nf3 {[%emt 0:00:00]} e6 {[%emt 0:00:00]} 3. Nc3 {[%emt 0:00:00]} d5 {[%emt 0:00:02]} 4. Bf4 {[%emt 0:00:00]} Bb4 {[%emt 0:00:01]} 5. Bg5 {[%emt 0:00:02]} h6 {[%emt 0:00:02]} 6. Bxf6 {[%emt 0:00:01]} Qxf6 {[%emt 0:00:01]} 7. e3 {[%emt 0:00:00]} O-O {[%emt 0:00:02]} 8. Bd3 {[%emt 0:00:01]} c5 {[%emt 0:00:01]} 9. O-O {[%emt 0:00:01]} Nc6 {[%emt 0:00:00]} 10. a3 {[%emt 0:00:01]} Ba5 {[%emt 0:00:01]} 11. Rb1 {[%emt 0:00:04]} cxd4 {[%emt 0:00:02]} 12. exd4 {[%emt 0:00:01]} Bxc3 {[%emt 0:00:01]} 13. bxc3 {[%emt 0:00:01]} b6 {[%emt 0:00:01]} 14. Bb5 {[%emt 0:00:02]} Na5 {[%emt 0:00:02]} 15. Ne5 {[%emt 0:00:01]} Rd8 {[%emt 0:00:02]} 16. Qe2 {[%emt 0:00:01]} Bb7 {[%emt 0:00:01]} 17. f4 {[%emt 0:00:01]} Rac8 {[%emt 0:00:01]} 18. Rf3 {[%emt 0:00:01]} g6 {[%emt 0:00:03]} 19. Rbf1 {[%emt 0:00:01]} Nc4 {[%emt 0:00:02]} 20. Bxc4 {[%emt 0:00:01]} dxc4 {[%emt 0:00:00]} 21. Rg3 {[%emt 0:00:00]} b5 {[%emt 0:00:03]} 22. h4 {[%emt 0:00:01]} Kh7 {[%emt 0:00:02]} 23. h5 {[%emt 0:00:01]} gxh5 {[%emt 0:00:00]} 24. Qxh5 {[%emt 0:00:01]} Rc7 {[%emt 0:00:01]} 25. f5 {[%emt 0:00:04] Indianquant resigns (Lag: Av=0.71s, max=1.1s)} 1-0

[Event "Stay Safe Play From Home 152"]
[Site "T#646138Emanuel Laske"]
[Date "2020.05.17"]
[Round "3"]
[White "Mepe_Nika"]
[Black "SoulofWolf"]
[Result "1-0"]
[WhiteElo "2309"]
[BlackElo "2156"]
[Annotator "RC"]
[PlyCount "97"]
[EventDate "2020.05.17"]
[EventType "swiss (blitz)"]

1. c4 {[%emt 0:00:01]} e6 {[%emt 0:00:00]} 2. g3 {[%emt 0:00:01]} d5 {[%emt 0:00:00]} 3. Bg2 {[%emt 0:00:00]} Nf6 {[%emt 0:00:00]} 4. Nf3 {[%emt 0:00:00]} c6 {[%emt 0:00:00]} 5. O-O {[%emt 0:00:00]} Nbd7 {[%emt 0:00:00]} 6. Nc3 {[%emt 0:00:01]} g6 {[%emt 0:00:00]} 7. cxd5 {[%emt 0:00:01]} exd5 {[%emt 0:00:00]} 8. d3 {[%emt 0:00:01]} Bg7 {[%emt 0:00:01]} 9. e4 {[%emt 0:00:00]} dxe4 {[%emt 0:00:00]} 10. dxe4 {[%emt 0:00:01]} O-O {[%emt 0:00:00]} 11. Bg5 {[%emt 0:00:02]} h6 {[%emt 0:00:01]} 12. Bf4 {[%emt 0:00:00]} Re8 {[%emt 0:00:01]} 13. Re1 {[%emt 0:00:02]} g5 {[%emt 0:00:01]} 14. Bd2 {[%emt 0:00:02]} Qe7 {[%emt 0:00:02]} 15. Rb1 {[%emt 0:00:01]} Ne5 {[%emt 0:00:00]} 16. b4 {[%emt 0:00:02]} Bg4 {[%emt 0:00:01]} 17. h3 {[%emt 0:00:01]} Bh5 {[%emt 0:00:01]} 18. g4 {[%emt 0:00:01]} Bg6 {[%emt 0:00:01]} 19. Nd4 {[%emt 0:00:01]} Rad8 {[%emt 0:00:04]} 20. Nf5 {[%emt 0:00:01]} Qc7 {[%emt 0:00:03]} 21. Qc2 {[%emt 0:00:01]} Nc4 {[%emt 0:00:02]} 22. Red1 {[%emt 0:00:02]} Na3 {[%emt 0:00:03]} 23. Qb3 {[%emt 0:00:02]} Nxb1 {[%emt 0:00:02]} 24. Nxb1 {[%emt 0:00:00]} Qd7 {[%emt 0:00:03]} 25. Nxg7 {[%emt 0:00:01]} Kxg7 {[%emt 0:00:01]} 26. Nc3 {[%emt 0:00:01]} Qd3 {[%emt 0:00:01]} 27. Be3 {[%emt 0:00:02]} Qa6 {[%emt 0:00:03]} 28. Bf3 {[%emt 0:00:03]} Rxd1+ {[%emt 0:00:02]} 29. Nxd1 {[%emt 0:00:00]} Nd7 {[%emt 0:00:07]} 30. Bd4+ {[%emt 0:00:01]} f6 {[%emt 0:00:01]} 31. Kg2 {[%emt 0:00:01]} Bf7 {[%emt 0:00:00]} 32. Qb2 {[%emt 0:00:02]} Qxa2 {[%emt 0:00:01]} 33. Ne3 {[%emt 0:00:02]} Qxb2 {[%emt 0:00:01]} 34. Nf5+ {[%emt 0:00:00]} Kg6 {[%emt 0:00:03]} 35. Bxb2 {[%emt 0:00:00]} b6 {[%emt 0:00:01]} 36. h4 {[%emt 0:00:01]} c5 {[%emt 0:00:01]} 37. h5+ {[%emt 0:00:01]} Kh7 {[%emt 0:00:00]} 38. Nd6 {[%emt 0:00:01]} Rf8 {[%emt 0:00:01]} 39. e5 {[%emt 0:00:01]} Nxe5 {[%emt 0:00:01]} 40. Be4+ {[%emt 0:00:01]} Kg7 {[%emt 0:00:01]} 41. bxc5 {[%emt 0:00:00]} bxc5 {[%emt 0:00:01]} 42. Nf5+ {[%emt 0:00:00]} Kg8 {[%emt 0:00:01]} 43. Nxh6+ {[%emt 0:00:01]} Kg7 {[%emt 0:00:00]} 44. Nf5+ {[%emt 0:00:01]} Kg8 {[%emt 0:00:00]} 45. Ne7+ {[%emt 0:00:01]} Kh8 {[%emt 0:00:01]} 46. f4 {[%emt 0:00:02]} gxf4 {[%emt 0:00:02]} 47. g5 {[%emt 0:00:01]} Bxh5 {[%emt 0:00:03]} 48. gxf6 {[%emt 0:00:01]} Nc4 {[%emt 0:00:02]} 49. f7+ {[%emt 0:00:01] Czas . (Lag: Av=0.31s, max=0.8s)} 1-0